00852cam a2200253 a 4500999001500000001000600015003000900021005001700030008004100047020001500088020002200103020002200125040003500147082002200182100002000204245007200224250001200296260003900308300003300347500002000380650003600400942001200436952015000448 c6322d632210027BD-DhUAP20201229130209.0201229s2003 enk 001 0 eng d a0421788100 a0421788208 (pbk.) a0421788003 (pbk.) aCUDcCUDdOCLCQdBD-DhUAPbeng04a346.41066 DAV2231 aDavies, Paul L.10aGower & Davies' principles of modern company law /cPaul L. Davies. a7th ed. aLondon :bSweet & Maxwell,cc2003. alxxviii, 897 pages ;c24 cm. aIncludes index. 0aCorporation lawzGreat Britain. 2ddccBK 00102ddc4070aUAPCLbUAPCLcGeneral Stacksd2020-12-29l2m2o346.41066 DAVp3010010027q2026-06-09r2026-04-28s2026-04-28t1w2020-12-29yBK